| 000 | 00616nam a2200169 a 4500 | ||
|---|---|---|---|
| 001 | 000025413 | ||
| 005 | 20200930023754.0 | ||
| 008 | 100702s1985 mx r 000 |aspa d | ||
| 020 | _a9686011889 | ||
| 040 |
_aDO-SdBNP _bspa _cBNPHU |
||
| 082 |
_axxx _bB744e |
||
| 245 | 1 | 0 |
_aBosquejos de educación para el pueblo : _bIgnacio Ramírez e Ignacio Manuel Altamirano / _cselección, introducción y notas Ma. Teresa Bermúdez de Brauns. |
| 260 |
_aMéxico, D. F. : _bSecretaria de Educación Publico , _c1985. |
||
| 300 |
_a158 p. ; _c21 cm. |
||
| 700 | 1 |
_aBermúdez de Brauns, Ma. Teresa _eintrod. _952016 |
|
| 049 | _aBNGR | ||
| 999 |
_c24905 _d24905 |
||